1182 1047 1263 1409 1250 1837 1390 1894 1298 1346 1273 1311 1006 1600 1537 1197 1572 1863 1412 1068 1414 1671 1994 1085 1078 1688 1382 1092 1511 1887 1870 1769 1328 1278 1903 1402 1251 1121 1639 1537 1639 1068 1224 1410 1853 1784 1380 1164 1184 1448 1789 1404 1924 1284 1733 1279 1045 1393 1507 1005 1100 1081 1342 1188 1688 1613 1487 1516 1542 1973 1621 1646 1599 1937 1843 1466 1732 1423 1793 1601 1248 1957 1230 1144 1272 1046 1369 1560 1731 1073 1439 1516 1086 1245 1551 1360 1059 1533 1788 BCNSPRNW ULIB Ver.6.0+V

เปลี่ยนเป็นภาษาไทย

Change to English
 แสดงรายละเอียดบรรณานุกรม
  กลับหน้าหลัก

Brief Record : Get Marc (ISO 2709) : E-mail record : QR code < ปิดหน้าต่าง
LEADER : 00000nam 2200000uu 4500
001    13399121525
003     ULIB
008    121122s2551||||th 000 0 tha d
020    ^a9789749939734
060 04 ^aWX165^bด831ก
100 0  ^aเดช วัฒนชัยยิ่งเจริญ
245 10 ^aการประเมินผลกระทบสิ่งแวดล้อมโรงพยาบาล =^bEnvironmentalimpact assessment of hospital /^cเดช วัฒนชัยยิ่งเจริญ
246 31 ^aEnvironmental impact assessment of hospital
250    ^aพิมพ์ครั้งที่ 2
260    ^aกรุงเทพฯ :^bหน่วยวิจัยและพัฒนาบูรณาการเกษตรและสิ่งแวดล้อมมหาวิทยาลัยนเรศวร,^c2551
300    ^axiv, 193 หน้า :^bภาพประกอบ ;^c21 ซม.
650  7 ^aการวิเคราะห์ผลกระทบสิ่งแวดล้อม
650  7 ^aโรงพยาบาล^xแง่สิ่งแวดล้อม
650  7 ^aโรงพยาบาล^xการควบคุมคุณภาพ
650  7 ^aสิ่งแวดล้อม^xการประเมิน
650  7 ^aอาชีวอนามัย^xมาตรฐาน
710 2  ^aมหาวิทยาลัยนเรศวร.^bหน่วยวิจัยและพัฒนาบูรณาการเกษตรและสิ่งแวดล้อม
945    ^p250^l0^i15340
945    ^p250^l0^i15341
995    ^aวิภา
999 ^a ใช้งานได้ทุกระบบ
รายการนี้ยังไม่มีแท็ก
คุณยังไม่ได้ล็อกอิน คุณสามารถมีกิจกรรมร่วมกับเว็บไซต์ได้ แต่ต้องล็อกอินก่อน ::
  ล็อกอิน

รายการสื่อสารสนเทศ

ลำดับที่ ประเภท เลขเรียก/บาร์โค้ด สถานที่ สถานะ
- ไม่พบข้อมูล -

รายการใกล้เคียง
    ผู้แต่ง [เดช วัฒนชัยยิ่งเจริญ]

    หัวเรื่อง [การวิเคราะห์ผลกระทบสิ่งแวดล้อม]

BibComment


ยังไม่เคยถูกคอมเมนท์

คอมเมนท์ทรัพยากรรายการนี้
  คอมเมนท์: การประเมินผลกระท..


 Copyright 2026. Bcnsprnw @Library